000 01983nam0a2200337 4500
001 RU\NLR\BIBL_A\022452696
005 20260420025504.0
010 _a978-5-907753-78-5
_9500
021 _aRU
_bКН-П-24-080730
_9КН-П-24-8055
035 _a(NLR Aleph) 022452696
090 _a13670881
_c13670881
100 _a20250211d2024 k y0rusy50 ca
101 0 _arus
102 _aRU
105 _aac z 000yy
181 0 _ai3
_baxxe
182 0 _an
200 1 _aКак стать успешным архитектором-градостроителем?
_eпрофессиональное самоопределение
_eмонография
_fВ. В. Сидорова, В. В. Танаков
_gФедеральное государственное автономное образовательное учреждение высшего образования "Крымский федеральный университет имени В. И. Вернадского"
203 _aТекст
_bвизуальный
_cнепосредственный
210 _aКазань
_cБук
_d2024
215 _a149 с.
_cил., цв. ил., портр., табл.
_d22
300 _aНа 149-й с. авт.: Сидорова В. В., канд. архитектуры, доц., чл.-кор. Крым. акад. наук, Танаков В. В., канд. архитектуры, доц.
320 _aБиблиогр.: с. 145-148 (65 назв.)
606 1 _aШкольники
_xОзнакомление с профессией архитектора
_92673072
_3RU\NLR\AUTH\6601758591
686 1 _aЧ421.202.5архитектор
700 1 _7ca
_8rus
_aСидорова
_bВ. В.
_cканд. архитектуры
_gВиктория Витальевна
_9201143
_3RU\NLR\AUTH\770201194
701 1 _aТанаков
_bВ. В.
_f1936-
_gВячеслав Васильевич
942 _cBOOK
980 _aNB